Propuesta de sistema integrado a sistema de alertas temprana SAT para el monitoreo de inestabilidad de laderas en Nicaragua
Presenta el desarrollo de un sistema web que administre datos de fenómenos de inestabilidad de laderas a nivel nacional. El análisis y diseño del sistema de información, se realizó el enfoque de ingeniería de software para la web mediante UWE que en conjunto con UML desarrollaron diagramas que...
| Main Authors: | , |
|---|---|
| Other Authors: | |
| Format: | Tesis Section = Libro |
| Language: | Undetermined Spanish |
| Published: |
Managua
UNI
2018
|
| Subjects: |
| LEADER | 01474nam a2200289Ia 4500 | ||
|---|---|---|---|
| 008 | 240830s9999 xx 000 0 und d | ||
| 040 | |a BIBLIOTECA-RUPAP Mon 005.1 G643 | ||
| 041 | |a spa | ||
| 082 | |a Mon 005.1 G643 | ||
| 100 | 1 | |a González Pérez, Cinthia Carolina | |
| 100 | 1 | |b Núñez Fornos, Scarleth Patricia | |
| 245 | 1 | 0 | |a Propuesta de sistema integrado a sistema de alertas temprana SAT para el monitoreo de inestabilidad de laderas en Nicaragua |
| 260 | |a Managua |b UNI |c 2018 | ||
| 300 | |a 57 p. :il. | ||
| 500 | |a Contiene: anexos y CD. | ||
| 502 | |a Tesis (Ingeniero de Sistemas)- UNI, 2018. | ||
| 520 | 3 | |a Presenta el desarrollo de un sistema web que administre datos de fenómenos de inestabilidad de laderas a nivel nacional. El análisis y diseño del sistema de información, se realizó el enfoque de ingeniería de software para la web mediante UWE que en conjunto con UML desarrollaron diagramas que describen los requisitos y componentes funcionales del sistema dando lugar a la construcción del sistema haciendo uso de tecnologías de lado del servidor como postgres SQL y del lado del cliente con Ruby on Rails. | |
| 650 | 7 | |a SISTEMA WEB-DESARROLLO | |
| 650 | 7 | |b ADMINISTRACION DE DATOS | |
| 650 | 7 | |c APLICACIÓN WEB | |
| 650 | 7 | |d DESARROLLO DE SOFTWARE | |
| 650 | 7 | |e MONITOREO DE DATOS | |
| 650 | 7 | |f INGENIERIA DE SOFTWARE | |
| 700 | 1 | |a Tutor: |b Chávez Toruño, Ariel Eduardo | |
| 942 | |c BK |2 ddc | ||
| 991 | |a TESIS | ||
| 999 | |c 15290 | ||